Μελέτη της ποιότητας των υδάτων της λίμνης Παμβώτιδας, Ιωαννίνων : πτυχιακή εργασία

Αποθηκεύτηκε σε:
Λεπτομέρειες βιβλιογραφικής εγγραφής
Κύριος συγγραφέας: Δόση, Λευκοθέα
Συγγραφή απο Οργανισμό/Αρχή: Πανεπιστήμιο Αιγαίου. Σχολή Περιβάλλοντος. Τμήμα Περιβάλλοντος
Άλλοι συγγραφείς: Μάργαρης, Νίκος Σ., 1943-2013 (Εισηγητής διατριβής)
Μορφή: Thesis Βιβλίο
Γλώσσα:Greek
Δημοσίευση: Μυτιλήνη : Πανεπιστήμιο Αιγαίου, Τμήμα Περιβάλλοντος, Τομέας Διαχείρισης Οικοσυστημάτων, 1997
Θέματα:
Διαθέσιμο Online:http://hdl.handle.net/11610/10019
Ετικέτες: Προσθήκη ετικέτας
Δεν υπάρχουν, Καταχωρήστε ετικέτα πρώτοι!

MARC

LEADER 00000cam a2200000 i 4500
001 1/6389
008 000613s1997 gre d
035 |l 10061915 
040 |a GR-MY-UA  |b gre  |e aacr 
041 0 |a gre 
082 0 |a 628.16  |2 (22) 
100 1 |a Δόση, Λευκοθέα. 
245 1 0 |a Μελέτη της ποιότητας των υδάτων της λίμνης Παμβώτιδας, Ιωαννίνων :  |b πτυχιακή εργασία /  |c Δόση Λευκοθέα ; υπεύθυνος καθηγητής: Ν. Σ. Μάργαρης 
260 |a Μυτιλήνη :   |b Πανεπιστήμιο Αιγαίου, Τμήμα Περιβάλλοντος, Τομέας Διαχείρισης Οικοσυστημάτων,   |c 1997 
300 |a 72 σ.;  |b εικ., πιν., σχ., ;  |c 30 εκ. 
502 |a Πτυχιακή εργασία – Πανεπιστήμιο Αιγαίου, Λέσβος, 1997. 
504 |a Περιέχει παράρτημα και βιβλιογραφία 
650 0 |a Lakes  |z Greece  |z Ioannina (Nome) 
650 0 0 |a Water  |x Pollution  |z Greece  |z Ioannina, Lake. 
650 0 0 |a Dissertations, Academic  |z Greece. 
651 0 |a Ioannina, Lake (Greece) 
700 1 |a Μάργαρης, Νίκος Σ.,   |d 1943-2013.  |4 ths 
710 2 |a Πανεπιστήμιο Αιγαίου.   |b Σχολή Περιβάλλοντος.   |b Τμήμα Περιβάλλοντος. 
852 |a INST  |b LESVOS  |c DIATR  |e 20000613  |h 381  |p 005100025966  |q 005100025966  |t DIE  |y 23 
852 |a INST  |b LESVOS  |c DIATR  |e 20000613  |h 382  |p 005100025957  |q 005100025957  |t DIE  |y 23 
856 |u http://hdl.handle.net/11610/10019 
901 |a BIBL1-2000-2 
909 |a Λ  |b 080396 
909 |a Λ  |b 080397 
924 |a ΔΟΣΗ  |b ΛΕΥΚΟΘΕΑ  |y ΛΕΣΒΟΣ  |z 1997 
970 |a ΑΙΒΑΤΖΙΔΟΥ  |b ΕΛΕΝΗ  |z 2000/06/132